| 000 | 00334nam a22001337a 4500 | ||
|---|---|---|---|
| 008 | 170628b xxu||||| |||| 00| 0 eng d | ||
| 020 | _a9780072898675 | ||
| 041 | _aeng | ||
| 080 | _a82 | ||
| 100 | _a22 | ||
| 101 | _aGJL | ||
| 245 |
_aTHE PHILOSOPHICAL A CROSS QUEST CULTURAL READER _cPRESBERY.G.M |
||
| 942 |
_2udc _cBK |
||
| 999 |
_c19414 _d19414 |
||